[Event "Bled op 18th"]
[Site "Bled"]
[Date "1997.??.??"]
[Round "8"]
[White "Mikhalchishin, Adrian"]
[Black "Delchev, Aleksander"]
[Result "1-0"]
[WhiteElo "2515"]
[BlackElo "2515"]
[Annotator "Beliavsky,A"]
[PlyCount "77"]
[EventDate "1997.03.15"]
[EventType "swiss"]
[EventRounds "9"]
[EventCountry "SLO"]
[SourceTitle "CBM 057 Extra"]
[Source "ChessBase"]
[SourceDate "1997.05.01"]
[SourceVersion "1"]
[SourceVersionDate "1997.05.01"]
[SourceQuality "1"]

1. Nf3 Nf6 2. c4 g6 3. g3 Bg7 4. Bg2 O-O 5. d4 c5 6. O-O cxd4 7. Nxd4 Nc6 8.
Nc3 Ng4 9. e3 d6 10. b3 Nxd4 11. exd4 Nh6 12. Ne2 $5 (12. Bd2 $1 Nf5 13. d5 $14
) 12... Rb8 13. a4 a6 14. Ra2 (14. a5 b6 15. axb6 Qxb6 16. Ra3 $13) 14... Nf5 (
14... b5 15. cxb5 axb5 16. a5 $14) 15. Qd3 Bd7 (15... e6 $5) 16. Rd1 (16. b4 $1
$14) 16... e6 17. Rc2 (17. Ba3 $1 b5 18. axb5 axb5 19. g4 b4 20. gxf5 bxa3 21.
fxe6 fxe6 22. Rxa3 $16) 17... Re8 18. Bh1 (18. g4 Nh4 19. Bh1 d5 20. Qg3 $13)
18... Ne7 19. Bg5 $1 (19. Bf4 Bc6 20. c5 Bxh1 21. Kxh1 e5 $1 $15) 19... d5 (
19... h6 20. Bf4 Bc6 21. d5 exd5 22. c5 Be5 23. Bxh6 $14) 20. cxd5 exd5 21.
Bxd5 Bf5 22. Be4 Bxe4 23. Qxe4 Nd5 24. Bxd8 Rxe4 25. Ba5 (25. Bg5 Rbe8 26. Kf1
h6 27. Bc1 Rxe2 $1 $11) 25... b6 26. Be1 Rbe8 27. Kf1 h5 $2 (27... a5 $1) 28.
a5 $1 bxa5 29. Bxa5 $16 Bf8 30. Nc3 Nxc3 31. Rxc3 Bg7 32. Rc4 Re2 33. d5 Ra2
34. Bb6 $18 Rb8 35. Be3 Rb2 36. d6 R2xb3 37. d7 Bf6 38. Rc8+ Bd8 39. Bg5 1-0

[Event "NOR-chT Elite 1920"]
[Site "Norway"]
[Date "2020.01.18"]
[Round "5.2"]
[White "Predojevic, Borki"]
[Black "Berg, Emanuel"]
[Result "1/2-1/2"]
[WhiteElo "2609"]
[BlackElo "2544"]
[Annotator "Berg,Emanuel"]
[PlyCount "37"]
[EventDate "2019.11.01"]
[EventType "team-tourn"]
[EventRounds "9"]
[EventCountry "NOR"]
[SourceTitle "CBM 195 Extra"]
[Source "ChessBase"]
[SourceDate "2020.05.31"]
[SourceVersion "1"]
[SourceVersionDate "2020.05.31"]
[SourceQuality "1"]
[WhiteTeam "Valerenga"]
[BlackTeam "OSS"]
[WhiteTeamCountry "NOR"]
[BlackTeamCountry "NOR"]

{[%evp 0,37,19,31,14,-11,42,17,19,14,23,-1,3,1,19,5,5,23,20,37,39,39,36,36,36,
-1,2,-24,-8,-28,31,36,28,87,63,62,62,63,20,24]} 1. d4 Nf6 2. c4 g6 3. g3 {
The fianchetto system against the KID has been a very popular choice by White
during the last decade or so, not the least due to the release of Avrukh's 1.
d4 repertoire books in 2008 and 2010.} Bg7 4. Bg2 O-O 5. Nf3 c5 {An attempt to
transpose the game into a Benoni where I consider the g3 system to be less
critical than other lines for White. However here White has no reason to allow
this but can rather play a symetrical English with some slight pressure for
him.} 6. O-O (6. d5 d6 7. Nc3 e6 {followed by ...exd5 next leads to a Benoni.})
6... cxd4 7. Nxd4 Nc6 {The most popular move in the position.} ({However,} 7...
d5 {as mentioned by Borki after the game is probably a more precise way of
searching for equality theoretically speaking.}) 8. Nc3 Ng4 {Played with the
hope of creating some chaos.} ({The main choice is} 8... Nxd4 9. Qxd4 d6 10.
Qd3 {[%csl Gc4,Yd6][%cal Gg2a8] when White is somewhat better thanks to his
space advantage and pressure along the long diagonal. This was the type of
position I wanted to avoid in the game.}) ({The pawn sacrifice} 8... d6 $5 {
is not out of the question. Perhaps it's even the most practical way of
playing for Black. Following} 9. Nxc6 ({White could of course also go for the
positional approach} 9. Nc2 {but then the ...d6 move has at least paid well
off. Black s able to develop his bishop from c8 and there is no serious
pressure along the long diagonal at the moment.}) 9... bxc6 10. Bxc6 $14 Rb8 {
intending ...Qa5 Black has a good deal of compensation for the sacrificed pawn.
}) 9. e3 Nge5 {The whole idea behind the knight route to g4. Now Black is
ready to play ...d6 without giving up a pawn.} (9... Nxd4 $5 {is an
interesting alternative though, when after} 10. exd4 d6 {the knight route ...
Nh6-f5 can come into consideration.}) 10. b3 d6 {Finally Black is about to get
developed but he constantly has to watch out for moves like f4 which might
force an exchange on d4.} 11. h3 {A very logical continuation preventing
Black's pieces from going to g4. This move also slowly prepares the advance
f2-f4.} Bd7 $5 {A tricky move. Black has no squares left for his knight on e5
but the attempt 12.f4 can be met by ...Nxd4 followed by ...Nc6 when White's
king position is slightly weakened.} 12. Nde2 {Quite a logical and expected
continuation. White takes away the opportunity of an exchange on d4 and renews
the threat of f4.} Nb4 $5 {Another tricky move going for the d3 square.
However, Black's pieces might become rather loose and any mistake from now on
can be crucial.} ({The alternative was} 12... f5 {securing a spot for the
knight on f7. However, the pawn structure is not very appealing and White is
somewhat better after} 13. Qd2 {intending Bb2 next.}) 13. e4 {This move
surprised me a bit since it closes the long diagonal for the moment.} ({
I was more worried about how to react after concete attempts like} 13. a3 Nbd3
14. Bd2 {with f4 in mind when the Black knight on d3 is risking to get lost.
Understandable this is not an easy positon for White to go for either since
Black is very active at the moment.}) 13... f5 {A logical continuation opening
up the kingside for active counterplay.} ({The positional attempt} 13... a5 $5
{intending ...a4 was an interesting option though.}) 14. f4 {Not bad but
leading to a position where White must give up the pair of bishops which was
not necessary to allow.} (14. a3 {was worth considering when} Nbd3 (14... Nbc6
{should be played when after} 15. f4 {followed by exf5 White is better.}) 15.
Be3 {intending f4 is clearly favourable for White.}) 14... Qb6+ 15. Kh2 Ned3
16. a3 Nxc1 17. Rxc1 Nc6 18. e5 {This was the move my opponent had relied on
to secure an advantage. However, things turned out not to be as clear as he
first expected.} ({The alternative} 18. b4 {intending c5 might well be better,
e..g.} fxe4 $6 (18... Qd8 $1 {looks best when Black is passive but rather
solid. After} 19. Qd2 {ntending Rfd1 white keeps some advantage thanks to his
extra space and control in the center.}) 19. c5 Qd8 20. cxd6 $16) 18... Be6 {
Giving up the d6-pawn in exchange for active piece play. Once the position
opens up the pair of bishops and especially the one on g7 will become very
strong.} 19. exd6 {After some thought my opponent now offered a draw with 25
minutes against my 16 to complete the 40 moves time control. This was not
totally unecspected since I felt that he had lost some of the grip and a
random time trouble could offer mutual changes. However there was no real
reason not to accept since white is clearly not worse.} ({A possible
continuation would be} 19. exd6 exd6 20. Na4 $1 {More promising than} (20. Qxd6
Rfe8 $44 {intendning ...Rad8 with great counterplay for black.}) 20... Qc7 21.
Nec3 $14 {with some pressure for White.}) 1/2-1/2

[Event "BCF-ch 82nd"]
[Site "Swansea"]
[Date "1995.??.??"]
[Round "6"]
[White "Turner, Matthew"]
[Black "Arkell, Keith C"]
[Result "0-1"]
[WhiteElo "2400"]
[BlackElo "2505"]
[Annotator "Bulletin"]
[PlyCount "112"]
[EventDate "1995.08.??"]
[EventType "swiss"]
[EventRounds "11"]
[EventCountry "WLS"]
[SourceTitle "EXT 1997"]
[Source "ChessBase"]
[SourceDate "1996.11.15"]
[SourceVersion "1"]
[SourceVersionDate "1996.11.15"]
[SourceQuality "1"]

1. c4 c5 2. Nc3 Nc6 3. g3 g6 4. Bg2 Bg7 5. Nf3 Nf6 6. O-O O-O 7. d4 cxd4 8.
Nxd4 Nxd4 9. Qxd4 d6 10. Qd2 a6 11. Rd1 Nd7 12. b3 Rb8 13. Bb2 b5 14. cxb5 axb5
15. Nd5 Bxb2 16. Qxb2 Bb7 17. Rac1 Bxd5 18. Rxd5 Qb6 19. Qd2 Nf6 20. Rd4 Rfc8
21. Rxc8+ Rxc8 22. e3 Qc5 23. Bf1 d5 24. b4 Qc1 25. Qxc1 $2 (25. Kg2) 25...
Rxc1 26. Kg2 Rc2 27. Bxb5 Rxa2 28. Bc6 $2 e6 29. b5 Rb2 30. Ra4 Kg7 31. Kf3 {
This is a winning position and 31..Ne4 would be good enough but Keith wants
everything and improves his kingside pawn structure first before attacking the
kingside pawns.} h5 32. h3 (32. h4 Ng4) 32... g5 33. g4 h4 34. Rd4 Kf8 35. Ra4
Ne4 36. Rxe4 dxe4+ 37. Bxe4 Rxb5 38. Bd3 Rb2 39. Be4 Ke7 40. Bd3 Kd6 41. Be4
Kc5 42. Bh7 f6 43. Bg8 e5 44. Bh7 Kc4 45. Bf5 Kc3 46. Ke4 Rxf2 47. Kd5 Rxf5 $1
{[#]} 48. gxf5 g4 49. hxg4 h3 50. Ke6 h2 51. Kxf6 h1=Q 52. Kxe5 Qh4 53. f6 Qg5+
54. Ke6 Qxg4+ 55. Ke7 Qg5 56. Kf8 Qxf6+ (56... Qxe3 $4 57. f7 {Draws!}) 0-1

[Event "Grenke Chess Classic 3rd"]
[Site "Baden-Baden"]
[Date "2015.02.07"]
[Round "5"]
[White "Adams, Michael"]
[Black "Bacrot, Etienne"]
[Result "1/2-1/2"]
[WhiteElo "2738"]
[BlackElo "2711"]
[Annotator "CB"]
[PlyCount "129"]
[EventDate "2015.02.02"]
[EventType "tourn"]
[EventRounds "7"]
[EventCountry "GER"]
[EventCategory "20"]
[SourceTitle "CBM 165"]
[Source "ChessBase"]
[SourceDate "2015.03.11"]
[SourceVersion "1"]
[SourceVersionDate "2015.03.11"]
[SourceQuality "1"]

1. c4 Nf6 2. g3 g6 3. Bg2 c5 4. Nc3 Bg7 5. Nf3 O-O 6. d4 cxd4 7. Nxd4 Nc6 8.
O-O Qa5 9. Nb3 Qh5 10. Nd5 d6 11. Nf4 Qe5 12. e4 Bg4 13. f3 Bd7 14. Rf2 b5 15.
Nd3 Qh5 16. Nf4 Qe5 17. c5 dxc5 18. Nd3 Qc7 19. Nbxc5 Rfd8 20. Qe1 Be8 21. Bf4
e5 22. Be3 a5 23. Rc1 Qe7 24. Rd2 Nd4 25. Nb3 Nd7 26. Nxd4 exd4 27. Bf4 Rdc8
28. Bh3 Rc4 29. Rdd1 a4 30. Bd2 Ne5 31. Nxe5 Qxe5 32. Bf1 Rxc1 33. Bxc1 Qe6 34.
a3 Rc8 35. Bd3 Qb3 36. Qe2 Bd7 37. Bf4 Be6 38. h4 Bc4 39. e5 Bxd3 40. Rxd3 Qd5
41. Kg2 h5 42. Qd2 Rc4 43. Qe2 b4 44. axb4 Rxb4 45. Kf2 Qb5 46. Rd2 Qd5 47. Qe4
Qa2 48. Qc2 Kh7 49. Kg2 Qa1 50. Rf2 a3 51. bxa3 Rb1 52. Qd3 Rd1 53. Bd2 Rg1+
54. Kh3 Rh1+ 55. Rh2 Qg1 $2 (55... Qd1 $1 {The move is actually quite cheeky:
White cannot move his pieces, the threat is Bh6.} 56. f4 Bh6 $1 {And now the
threat is Bxf4! There is no good way of preventing this, so White is lost.} 57.
Qxd4 (57. a4 Bxf4 (57... Qg4+) 58. gxf4 Qg4#) 57... Qf1#) 56. Qe2 Bxe5 57. f4
Bd6 58. a4 d3 $6 (58... Bc7 $1) 59. Qg2 Rxh2+ 60. Qxh2 Qd1 61. Qg2 {Suddenly
it is clear that White survived, and more importantly there is no good way of
pushing the d-pawn forward. The a-pawn creates enough counterplay to distract
Black.} Ba3 62. a5 Bc1 63. Qd5 Qf1+ 64. Kh2 Qe2+ 65. Kh3 1/2-1/2

[Event "Hastings Masters op 90th"]
[Site "Hastings"]
[Date "2015.01.02"]
[Round "5"]
[White "Galyas, Miklos"]
[Black "Fier, Alexandr"]
[Result "1/2-1/2"]
[WhiteElo "2428"]
[BlackElo "2592"]
[Annotator "Fier,A"]
[PlyCount "56"]
[EventDate "2014.12.29"]
[EventType "swiss"]
[EventRounds "9"]
[EventCountry "ENG"]
[SourceTitle "CBM 165"]
[Source "ChessBase"]
[SourceDate "2015.03.11"]
[SourceVersion "1"]
[SourceVersionDate "2015.03.11"]
[SourceQuality "1"]

1. Nf3 Nf6 2. c4 g6 3. g3 Bg7 4. Bg2 c5 5. O-O O-O 6. Nc3 Nc6 7. d4 cxd4 8.
Nxd4 Qa5 9. Nb3 Qh5 10. Nd5 {I was not expecting the English at all, so I
improvised something and this move took me by surprise. The only thing I knew
about this variation was that there is an interesting piece sacrifice if White
plays 10.h3.} (10. h3 d6 11. g4 Bxg4 12. hxg4 Nxg4 13. Bf4 Be5 14. Qd2 g5 15.
Bxe5 Ncxe5 16. Rfc1 {Ivanchuk,V (2739)-Vachier Lagrave,M (2745) Gibraltar
Masters 12th 2014 (10) 1/2 is equal, as seen in}) 10... d6 11. h3 {It took me
five minutes to realise that I was not in trouble. I started to figure out if
there was something different I could do instead of 10...d6, but after some
thinking I saw that this position can come from 10.h3 d6 11.Nd5, so I knew
that Black should be ok.} (11. Nf4 {this is played more often and after} Qe5
12. e4 Bg4 (12... Bd7 13. Re1 Rac8 {is also possible}) 13. f3 Be6 14. Nd5 {
Milos,G (2583)-Vazquez Igarza,R (2603) Iberoamerican-ch 5th 2014 (5) 1/2 the
position remains complex.}) 11... Nxd5 12. cxd5 Ne5 13. f4 {Forcing Black's
pieces to go to strange places, but somehow everything is under control.} (13.
g4 {is brave, but the piece sacrifice here works even better than in the 10.h3
line} Bxg4 14. hxg4 Nxg4 15. Bf4 e5 $1 16. f3 $8 (16. Bg3 f5 17. f4 exf4 18.
Rxf4 Rae8 {and Black has more than enough for the piece}) (16. dxe6 Be5 $1 17.
Qd2 fxe6 18. Bxe5 dxe5 {is mate in 5!}) 16... exf4 17. fxg4 Qxg4 {and Black
has no reason to worry}) (13. e3 Qxd1 14. Rxd1 Nd7 15. Nd4 Nc5 {is level.})
13... Nc4 14. g4 Qh4 15. Nd4 h5 16. Qd3 hxg4 $5 {I'm not so sure if this move
is good or not. Even the computer has some problems evaluating the
consequences of the piece sacrifice. Also this was not my first idea, but when
I saw the variation I could not resist.} (16... Nb6 {was my first idea and the
position looks fine for Black} 17. gxh5 (17. g5 {is not good} Bxd4+ 18. Qxd4
Bxh3 19. b3 Bxg2 20. Kxg2 Qg4+ 21. Kf2 Rac8 22. Bb2 f6 23. Qe4 Kf7 {and
White's king is also exposed, so Black has the upper hand}) 17... Qxh5 18. e4
Bxd4+ 19. Qxd4 Bxh3 20. Rf2 {and White has some compensation for the pawn, but
Black should be fine.}) 17. Qxc4 {Accepting the sacrifice.} (17. hxg4 {is a
improved version for Black, the queen has more space without the h-pawns} Nb6
18. g5 Bd7 19. Bd2 Qh8 {and after 20...Rac8 all Black's pieces are
harmoniously placed.}) 17... gxh3 18. Bf3 g5 $1 {This move is essential for
the variation, otherwise Black has no attack. The basic idea is to push all
the kingside pawns and somehow White's bishop is already lost!} 19. Be3 (19.
Kh1 {was another possibility} g4 20. Bd2 gxf3 21. Nxf3 Qh7 {maybe this is more
precise} (21... Qh5 22. Rg1 Bg4 23. Qd3 f5 24. Bc3 {and my feeling is that
Black is ok, bringing the king out of the g-file followed by ...Rg8}) 22. Rg1
Bf5 (22... Kh8 23. Ng5 Qh5 24. Rg3) 23. Bc3 f6 {with chances for both sides.})
19... g4 20. Kh1 g3 $5 {The pawns were running so fast that I missed the
bishop.} (20... gxf3 {was similar to the last variation} 21. Nxf3 Qh7 22. Rg1
Bf5 23. Kh2 (23. Bd4 f6) (23. Ng5 $2 Qh5 $17) 23... Kh8 {with a complex
middlegame.}) 21. Rg1 g2+ (21... Kh8 {does not work so well} 22. Bd2 $1 {
and White is in time to defend against the threats} g2+ (22... Rg8 23. e3 Bxd4
24. Qxd4+ f6 25. Be1 $16) 23. Kh2 Bh6 24. e3 Rg8 25. Ne2 {and everything is
under control, so White is winning.}) 22. Bxg2 {I underestimated this move,
since White's king goes to f3 and I have nothing left. Moreover, my king is
also far from safe.} (22. Kh2 {looks reasonable for White, but Black's attack
is still strong} Bh6 23. Qc1 Kh8 $1 {and White has no good way to defend
against the mate on g3} (23... Kh7 {does not work} 24. Be4+ f5 25. Nf3 $1 {
and the knight comes back to help} Qg4 26. Bd3 Rg8 27. Ng5+ $18) 24. Qe1 Bxf4+
25. Bxf4 Qxf4+ 26. Qg3 Qxd4) 22... hxg2+ 23. Kxg2 {Here I finally understood
that my position is not as good as I thought. After a deep breath, I put my
brain to work again and found a decent idea.} Bh3+ (23... Bxd4 {is ambitious,
but White is better after a beautiful variation} 24. Qxd4 (24. Bxd4 f6 25. Kf3+
Kf7 {and I prefer Black's position}) 24... Kh7 25. Qe4+ $1 (25. Rh1 {is worse
but doesn't lose} Rg8+ 26. Kf3 Rg3+ 27. Ke4 $1 {and there is no mate for
either side for the moment} Rh3 28. Rag1 {is really unclear}) 25... f5 26. Rh1
Rg8+ 27. Kf1 {and now the rook on h1 is defended!} fxe4 28. Rxh4+ Kg6 29. Rc1 {
and White is better.}) 24. Kf3 f5 {Trying to close the file at all cost. The
problem is that White's knight can become really annoying.} (24... Kh8 {
was probably better, but Black needs to see an idea which is easy to overlook}
25. Rg3 (25. Bf2 Qh5+ 26. Ke3 Bh6 27. Nf3 Rg8 {is once more unclear}) 25... Rg8
26. Rh1 Bf6 $1 {that's the point!} 27. Rgxh3 Rg3+ $1 {and the attack continues}
28. Rxg3 Qxh1+ 29. Kf2 Bh4 30. Nf5 Rg8 31. Bd4+ f6 32. Ke3 (32. Nxh4 Qxh4 33.
Qc3 Qh2+ {wins}) 32... Bxg3 33. Nxe7 Bxf4+ $1 {and I can catch the knight on e7
} 34. Kxf4 Qh4+ 35. Ke3 Qh6+ 36. Kd3 Qh7+ 37. Kd2 Qxe7 $17) 25. Rg3 Qh5+ (25...
Bg4+ 26. Kg2 Qf6 27. Rh1 {and the queen is badly placed.}) 26. Kf2 Bg4 27. Kg2
Rac8 28. Qd3 Bxd4 $4 {Followed by a draw offer that my opponent accepted.
During the game I felt the position was dangerous, but at home the computer
showed that White's position is basically winning.} (28... Rf6 {was necessary,
to sacrifice the exchange if a knight comes to e6} 29. Rh1 Qf7 30. Nf3 (30. Ne6
Rxe6 31. dxe6 Qxe6 {should be fine}) 30... Bxf3+ 31. Kxf3 Rg6 32. Rgh3 e5 33.
dxe6 Qxe6 {with chances for both players}) ({After} 28... Bxd4 29. Bxd4 Kf7 30.
Rh1 Qg6 {Black's position looks solid, but it's already hopeless} 31. Rh4 Rg8 (
31... a6 32. Rgxg4 fxg4 33. Rh7+ {is one of the ideas}) 32. Rgxg4 fxg4 33. f5
Qg5 34. Rh7+ Ke8 (34... Kf8 35. Qe4 Rc7 36. Qe6 {and Black is completely
dominated}) 35. Qe4 Kd7 36. Qe6+ Kc7 37. Rxe7+ Kb8 38. Qxd6+ Ka8 39. Qb4 Rb8
40. Qa4 a6 41. Qxa6+ bxa6 42. Ra7# {could be a sad end for me.}) 1/2-1/2

[Event "Manresa"]
[Site "Manresa"]
[Date "1995.??.??"]
[Round "1"]
[White "Garcia Ilundain, David"]
[Black "Magem Badals, Jordi"]
[Result "1-0"]
[WhiteElo "2510"]
[BlackElo "2560"]
[Annotator "Garcia Ilundain,D"]
[PlyCount "83"]
[EventDate "1995.06.??"]
[EventType "tourn"]
[EventRounds "9"]
[EventCountry "ESP"]
[EventCategory "11"]
[SourceTitle "CBM 049"]
[Source "ChessBase"]
[SourceDate "1995.12.01"]
[SourceVersion "1"]
[SourceVersionDate "1995.12.01"]
[SourceQuality "1"]

1. d4 {Ribli} Nf6 2. Nf3 g6 3. c4 c5 4. Nc3 $5 cxd4 5. Nxd4 Nc6 6. g3 (6. e4)
6... Bg7 7. Bg2 O-O 8. O-O Ng4 9. e3 Nxd4 (9... d6 $5) 10. exd4 Nh6 11. Ne4 $5
$146 {Eine Neuerung.} (11. Bd2 {Ribli} d6 12. d5 Bd7 13. b3 a6 14. a4 Rb8 15.
a5 b5 16. cxb5 Bxb5 $13 {Maric,A-Madl,I/Hastings/1994/CBM45/}) 11... Nf5 12. d5
d6 13. Qd3 Bd7 (13... a6 {Ribli} 14. a4 Rb8 15. Rd1 Bd7 $13) 14. Bd2 Bxb2 (
14... Rb8 {Ribli} 15. Bc3 b5 16. c5 Bxc3 17. Qxc3 b4 18. Qd2 dxc5 19. Nxc5 Nd6
20. Rac1 Re8 21. Rfe1 $14) 15. Rab1 Bg7 16. Rxb7 Bc8 17. Rb3 Qc7 {Droht /\ Ba6}
18. Ra3 {/\Ba5. Black must weaken his queen side} (18. Bc3 Ba6 19. Bxg7 Nxg7
20. Rc1 Rfc8 21. Rbc3 Rab8 22. Qd2 Qa5) (18. Rc1 $5 {Ribli}) 18... a5 19. Bc3
Ba6 20. Bxg7 Nxg7 (20... Bxc4 $2 {Ribli} 21. Qc3 Nxg7 22. Rc1 Rfc8 23. Nd2 $18)
21. Rc1 Rfc8 22. Qd2 $16 Qb8 (22... Bb7 {Ribli} 23. c5 $1 $36) 23. Rb3 (23. Bf1
Qb4 24. Rxa5 Qxd2 25. Nxd2 Bb7 26. Rb5 Rxa2 $1 (26... Rc7 $6 27. Rcb1) 27. Rxb7
Rxd2 28. Rxe7 Rxd5 $10) (23. Rxa5 {Ribli} Bxc4 24. Rxa8 Qxa8 $10) 23... Qa7 24.
Rbc3 Rab8 25. h4 $1 {Making use of a typical method of expansion. In the game
this pawn will be decisive. Ribli: Droht /\ Bh3,Qh6,Ng5} Rb4 26. c5 {Ribli:
Erzwungen aber gut.} dxc5 27. Nxc5 Rbb8 (27... Rd8 {Ribli} 28. Ra3 $1 {Wegen
der verschiedenen Drohungen (Rxa5 oder Nxa6,Qxb4) gewinnt Weiss mindens- tens
einen Bauern.}) 28. d6 $1 {Weakening the king side} exd6 29. Ne4 (29. Qxd6 $1
Rb6 (29... Bb5 {Ribli} 30. Ne4 $1 Rxc3 31. Nf6+ $1 {Ein wichtiger Zwischenzug.}
Kh8 32. Rxc3 $16) 30. Qd4 (30. Nxa6 $1 Rxd6 (30... Rxc3 31. Qd8+ $18) 31. Rxc8+
Ne8 32. Rxe8+ $18) 30... Nf5 31. Qe5 $18) 29... Ne8 30. h5 Rxc3 (30... Qe7 $5 {
Ribli}) 31. Rxc3 Bb7 32. Nxd6 Bxg2 33. Nxe8 Rxe8 34. Kxg2 $16 {White advantage
is big anyway, due to the problems that will originate the h  pawn. Im
Endergebnis steht Weiss besser, weil die schwarze Koenigstellung angriffbar
ist ( h5 Bauern! ). Man kann nicht vorstellen, dass Schwarz innerhalb einigen
Zuegen aufgeben wird.} Qb7+ 35. Kh2 Qb5 36. h6 $1 {Schwarz geraet nun in eine
sehr passive Stellung.} Qh5+ 37. Kg2 Qb5 38. Qd4 f6 39. Qxf6 Qd5+ 40. Rf3 Qd7
41. Kh2 a4 42. Rf4 {Schwarz ist im Zugzwang. Ribli} 1-0